000 00717nam a2200217Ia 4500
003 GCL
008 140319s9999 xx 000 0 ara d
040 _aGCL /
_cGCL
082 0 4 _a614
_bى ب
100 1 _aيونيسف
245 1 0 _aبلوغ البعد الاقصى فى ثورة بقاء الطفل وتنميته /
_cيونيسف
300 _a337 ص
490 _aالاطفال مهمتنا
_v0
650 0 4 _aالرعاية الصحية
650 0 4 _aصحة الطفل
650 0 4 _aالصحة العامة
650 0 4 _aالاطفال، العناية الصحية
650 0 4 _aالصحة العامة - بحوث
650 0 4 _aالصحة العامة - التعاون الدولى
942 _2ddc
_cBK
999 _c48660
_d48660